Pays ayant l'altitude moyenne la plus basse - Statistiques

Statistiques générales
  • Ce quiz a été pris 33 fois
  • Le résultat moyen est 9 sur 15
Statistiques - réponses
Classement Réponse Altitude % Correct
8 Pays-Bas 30 m
84%
2 Tuvalu 3 m
75%
1 Maldives 1 m
69%
7 Qatar 28 m
66%
12 Seychelles 74 m
66%
4 Iles Marshall 10 m
63%
6 Singapour 15 m
63%
15 Barbade ~100 m
59%
9 Danemark 34 m
59%
3 Kiribati 6 m
59%
14 Chypre 91 m
53%
10 Antigua-et-Barbuda 45 m
50%
5 Bahamas 11 m
47%
11 Bahreïn 60 m
47%
13 Bangladesh 85 m
31%
Aucun quiz correspondant
Distribution des résultats
% des personnes avec chaque résultat
Percentile par nombre de réponses
Votre historique - résultats
Vous n’avez pas pris ce quiz